banner-ar

ITERATIVE COMPUTER ALGORITHMS WITH APPLICATIONS IN ENGINEERING / (Record no. 7063)

MARC details
000 -الفاتح
حقل البيانات ثابتة الطول 00546nam a2200193Ia 4500
008 - عناصر البيانات ثابتة الطول - معلومات عامة
حقل البيانات ثابتة الطول 140319s9999 xx 000 0 eng d
040 ## - مصدر الفهرسة
وكالة الفهرسة الأصلية GCL /
وكالة النسخ GCL
082 04 - رقم تصنيف ديوى العشرى
رقم التصنيف 620
رقم المادة S I
100 1# - المدخل الرئيسى - إسم شخصى
الإسم الشخصى SADIQ M. SAIT
245 10 - بيان العنوان
العنوان ITERATIVE COMPUTER ALGORITHMS WITH APPLICATIONS IN ENGINEERING /
بيان المسئوليه,etc SADIQ M. SAIT
700 1# - المدخل الاضافى - اسم شخصى
الإسم الشخصى HABIB YOUSSEF
260 ## - PUBLICATION, DISTRIBUTION, ETC. (IMPRINT)
تاريخ النشر أو التوزيع 1999
300 ## - الوصف المادى
التعداد 24 CM ؛
أبعاد الوعاء 387 P
650 04 - المدخل الاضافى بالموضوع-مصطلح موضوعى
مصطلح موضوعي ALGORITHMS
650 04 - المدخل الاضافى بالموضوع-مصطلح موضوعى
مصطلح موضوعي ENGINEERING MATHEMATICS
650 04 - المدخل الاضافى بالموضوع-مصطلح موضوعى
مصطلح موضوعي ENGINEERING
942 ## - عناصر المدخل الإضافي( كوها)
مصدر التصنيف او مخطط الترفيف Dewey Decimal Classification
Koha [default] item type كتاب
260 ## - PUBLICATION, DISTRIBUTION, ETC. (IMPRINT)
-- نيويورك :
-- COMPUTER SOCIETY ،
Holdings
حالة التراجع حالة الفقد حالة تلف ليس للاعارة المكان المؤقت الموقع الحالى تاريخ الاكتساب اجمالي اﻻعارات رقم الطلب الباركود تاريخ اخر مشاهدة تاريخ تفعيل السعر نوع وعاء كوها
        مكتبة القاهرة الكبرى مكتبة القاهرة الكبرى 03/26/2014   620\S I 14710 03/26/2014 03/26/2014 كتاب

Powered By

EGPV